00484nam a2200145Ia 4500008004100000041000800041082001200049100002100061245004500082260003500127300003000162365001100192999001700203952011800220240624s9999 xx 000 0 und d aeng a823 POT aPOTHEN NAYANTARA aGLITTERING DECADES NEW DELHI IN LOVE AND c2012aNew DelhibPenguin Books axi, : 268 : p. : cm. ; 22 cRSb25 c19904d19904 00104070aIMTNbIMTNcRack 38-Bd2012-10-03eAPg499.00o823 POTp19904r2024-06-24 00:00:00t1w2024-06-24yBK